000 00332 a2200157 4500
001 179737
020 _a
040 _cMagnum
100 _aIacocca, Liliana
240 1 0 _aAs andorinhas turistas
_lpor
245 1 0 _aAs andorinhas turistas
362 0 _a1899
440 1 _aÁtica
697 _aMAGNITO: IJ/ANIMAIS
942 _cBK
999 _c179737
_d179737